000
00295nam a2200121Ia 4500
008
191201s2014 xx 000 0 und d
100
_a
RAJPUT,R.K.
245
0
_a
Text Book of Automobile Engineering
260
_a
N. Delhi
_b
Laxmi
_c
2014
300
_a
984
650
_a
B.Tech(ME)
942
_2
ddc
_c
BK
999
_c
6243
_d
6243